00925cam a22002534a 45000010009000000050017000090080041000260100017000670200028000840200035001120400018001470420008001650500026001730820014001991000028002132450071002412600034003123000045003465040051003916500022004426500039004648560090005038560078005931311317020210127115146.0030306s2003 nyua b 001 0 eng  a 2003045073 a0470850183 (alk. paper) a0470850191 (pbk. : alk. paper) aDLCcDLCdDLC apcc00aQC981.8.CbH2565 200300a551.62211 aHardy, J. T.q(John T.)10aClimate change :bcauses, effects, and solutions /cJohn T. Hardy. aNew York :bJ. Wiley,cc2003. axi, 247 p. :bill. (some col.) ;c25 cm. aIncludes bibliographical references and index. 0aClimatic changes. 0aNaturexEffect of human beings on.423Publisher descriptionuhttp://www.loc.gov/catdir/description/wiley039/2003045073.html413Table of contentsuhttp://www.loc.gov/catdir/toc/wiley032/2003045073.html